000 00270nam a2200109Ia 4500
008 220204s9999 xx 000 0 und d
082 _a546
_bMEL
100 _aMellor, J W
245 0 _aMellor's modern inorganic chemistry
260 _aLondon
_bLongman
_c1956
942 _cBK
999 _c19323
_d19323